| 000 | 00875nam a2200265 i 4500 | ||
|---|---|---|---|
| 003 | CO-BoRNBP | ||
| 005 | 20240723173843.0 | ||
| 007 | ta | ||
| 008 | 240723s2001 spaa|||| |||| 00| 0 spa d | ||
| 020 | _a9788424636524 | ||
| 040 |
_aCO-BoRNBP _bspa _cCO-BoRNBP _drda |
||
| 041 | 1 |
_aespañol _hfrancés |
|
| 084 | _aC JOL | ||
| 100 | 1 |
_aJoly, Fanny _eautora _93537 |
|
| 245 | 1 |
_a¡Alerta! _b ¡Bebe ataca! _cFanny Joly; ilustrador: Roser Capdevila; traductor: Carmen Domingo Soriano |
|
| 250 | _a1a. edición | ||
| 264 | 1 |
_aBarcelona, España _bLa Galera _c2001 |
|
| 300 |
_a50 páginas sin numerar _bilustraciones a color _calto 23cm 17cm ancho |
||
| 336 |
_2rdacontent _atexto _btxt |
||
| 337 |
_2rdamedia _asin mediación _bn |
||
| 338 |
_2rdacarrier _avolumen _bnc |
||
| 650 | 1 | 7 |
_2ARMARC _acuentos infantiles _92743 |
| 650 | 1 | 7 |
_2ARMARC _adiversión _941723 |
| 942 |
_2ddc _cBKINF |
||
| 999 |
_c38213 _d38213 |
||